000 00792nam a2200313 i 4500
001 007197
003 DO-SdBNP
005 20180222115349.0
007 007197
008 871214s1998 sp spa
015 _a
016 7 _a
_z
_2BPMSU
017 _a
_b
020 _a0590675230
035 _a
040 _aBPMSU
_bspa
_cBPMSU
_e
080 0 _a
100 1 _aBrown, Jeff
240 1 0 _aFlat Stanley.
_lEspaƱol
245 1 0 _aFlat Stanley /
_cJeff Brown ; ilustraciones Steve Bjorkman.
_h
260 1 _aNew York :
_bScholastic,
_c1986.
300 _a 57 p. :
_bil. ;
_c18 cm.
500 _a
700 1 2 _aBjorkman,Steve,
_eil.
_d
700 _a
942 _2ddc
_cBK
945 _aInventariado, 2018 /LP
956 _aVMATEO
_210
_320160509
_6BPMSU
_80069
999 _c10028
_d10028